000 00623nam a2200205Ia 4500
003 OSt
005 20251211104138.0
008 210707s1983 xx 000 0 und d
040 _cAL
041 _aKannada
082 _aK894.9 BHUS
100 _aBHUSANURAMATHA (Sam Shi)
_dಸಂ. ಶಿ. ಭೂಸನೂರಮಠ
_9248805
245 _aShunyasampadaneya paramarshe.
_bಶೂನ್ಯಸಂಪಾದನೆಯ ಪರಾಮರ್ಶೆ
260 _aBengaluru
_bVishva Kannada Sammelana
_c1983
300 _aviii,995 p
365 _b12
_cINR
563 _aPB
650 _aKannada Criticism
_9248806
942 _2ddc
_cBK
999 _c180202
_d180202